[Event "Test Tournament"]
[Site "Emanuel Lasker Arena"]
[Date "2024.04.09"]
[Round "1"]
[White "Brutus"]
[Black "Myopix"]
[Result "1-0"]
[WhiteElo "2041"]
[BlackElo "1965"]
[Annotator "RC"]
[PlyCount "47"]
[EventDate "2024.04.09"]
[EventType "swiss (blitz)"]

1. d4 {[%emt 0:00:01]} Nf6 {[%emt 0:00:02]} 2. c4 {[%emt 0:00:01]} g6 {[%emt 0:00:00]} 3. Nc3 {[%emt 0:00:01]} Bg7 {[%emt 0:00:01]} 4. e4 {[%emt 0:00:01]} d6 {[%emt 0:00:01]} 5. Nf3 {[%emt 0:00:01]} O-O {[%emt 0:00:01]} 6. Be2 {[%emt 0:00:01]} Na6 {[%emt 0:00:02]} 7. O-O {[%emt 0:00:01]} e5 {[%emt 0:00:00]} 8. Be3 {[%emt 0:00:01]} Ng4 {[%emt 0:00:02]} 9. Bg5 {[%emt 0:00:01]} Qe8 {[%emt 0:00:01]} 10. h3 {[%emt 0:00:01]} h5 {[%emt 0:00:08]} 11. hxg4 {[%emt 0:00:01]} hxg4 {[%emt 0:00:01]} 12. Nh4 {[%emt 0:00:04]} exd4 {[%emt 0:00:01]} 13. Nd5 {[%emt 0:00:04]} Qe5 {[%emt 0:00:03]} 14. f4 {[%emt 0:00:05]} gxf3 {[%emt 0:00:01]} 15. Nxf3 {[%emt 0:00:01]} Qg3 {[%emt 0:00:04]} 16. Nf6+ {[%emt 0:00:03]} Bxf6 {[%emt 0:00:00]} 17. Bxf6 {[%emt 0:00:01]} Bh3 {[%emt 0:00:03]} 18. Rf2 {[%emt 0:00:03]} Nc5 {[%emt 0:00:03]} 19. Qxd4 {[%emt 0:00:01]} a5 {[%emt 0:00:02]} 20. Re1 {[%emt 0:00:03]} Rfe8 {[%emt 0:00:02]} 21. e5 {[%emt 0:00:03]} b6 {[%emt 0:00:02]} 22. Ng5 {[%emt 0:00:02]} dxe5 {[%emt 0:00:01]} 23. Qd5 {[%emt 0:00:02]} Bd7 {[%emt 0:00:02]} 24. Qxf7# {[%emt 0:00:02] (Lag: Av=0.07s, max=0.5s)} 1-0

[Event "Test Tournament"]
[Site "Emanuel Lasker Arena"]
[Date "2024.04.09"]
[Round "1"]
[White "Brutus"]
[Black "Daenerys"]
[Result "0-1"]
[WhiteElo "2041"]
[BlackElo "1922"]
[Annotator "RC"]
[PlyCount "70"]
[EventDate "2024.04.09"]
[EventType "swiss (blitz)"]

1. e4 {[%emt 0:00:01]} e5 {[%emt 0:00:01]} 2. Nf3 {[%emt 0:00:01]} Nc6 {[%emt 0:00:01]} 3. Bb5 {[%emt 0:00:01]} f5 {[%emt 0:00:01]} 4. Nc3 {[%emt 0:00:01]} fxe4 {[%emt 0:00:01]} 5. Nxe4 {[%emt 0:00:01]} Nf6 {[%emt 0:00:02]} 6. Nxf6+ {[%emt 0:00:01]} Qxf6 {[%emt 0:00:01]} 7. O-O {[%emt 0:00:01]} Be7 {[%emt 0:00:01]} 8. Qe2 {[%emt 0:00:01]} d6 {[%emt 0:00:02]} 9. d4 {[%emt 0:00:01]} exd4 {[%emt 0:00:02]} 10. Re1 {[%emt 0:00:04]} Bf5 {[%emt 0:00:03]} 11. Bg5 {[%emt 0:00:01]} Qe6 {[%emt 0:00:01]} 12. Qxe6 {[%emt 0:00:00]} Bxe6 {[%emt 0:00:01]} 13. Rxe6 {[%emt 0:00:01]} Kf7 {[%emt 0:00:01]} 14. Rae1 {[%emt 0:00:04]} Bd8 {[%emt 0:00:04]} 15. Bxc6 {[%emt 0:00:01]} bxc6 {[%emt 0:00:01]} 16. Bxd8 {[%emt 0:00:01]} Rhxd8 {[%emt 0:00:01]} 17. Ng5+ {[%emt 0:00:04]} Kf8 {[%emt 0:00:01]} 18. Re7 {[%emt 0:00:01]} h6 {[%emt 0:00:03]} 19. Nf3 {[%emt 0:00:05]} g5 {[%emt 0:00:01]} 20. Rxc7 {[%emt 0:00:01]} Rdb8 {[%emt 0:00:03]} 21. Nxd4 {[%emt 0:00:02]} Rxb2 {[%emt 0:00:01]} 22. f4 {[%emt 0:00:02]} g4 {[%emt 0:00:03]} 23. c4 {[%emt 0:00:01]} h5 {[%emt 0:00:02]} 24. Rxc6 {[%emt 0:00:02]} Rxa2 {[%emt 0:00:01]} 25. Rxd6 {[%emt 0:00:01]} h4 {[%emt 0:00:02]} 26. c5 {[%emt 0:00:02]} a5 {[%emt 0:00:02]} 27. c6 {[%emt 0:00:02]} g3 {[%emt 0:00:02]} 28. c7 {[%emt 0:00:02]} Kf7 {[%emt 0:00:01]} 29. hxg3 {[%emt 0:00:01]} hxg3 {[%emt 0:00:01]} 30. Rd8 {[%emt 0:00:01]} Rd2 {[%emt 0:00:01]} 31. Rxa8 {[%emt 0:00:01]} Kg7 {[%emt 0:00:01]} 32. c8=Q {[%emt 0:00:01]} Rxd4 {[%emt 0:00:01]} 33. Re7+ {[%emt 0:00:01]} Kg6 {[%emt 0:00:01]} 34. Qh8 {[%emt 0:00:01]} Rd1+ {[%emt 0:00:01]} 35. Re1 {[%emt 0:00:01]} Rxe1# {[%emt 0:00:00] (Lag: Av=0.05s, max=0.1s)} 0-1

[Event "Test Tournament"]
[Site "Emanuel Lasker Arena"]
[Date "2024.04.09"]
[Round "1"]
[White "Brutus"]
[Black "Girlfriend Chess"]
[Result "1-0"]
[WhiteElo "2041"]
[BlackElo "1752"]
[Annotator "RC"]
[PlyCount "71"]
[EventDate "2024.04.09"]
[EventType "swiss (blitz)"]

1. d4 {[%emt 0:00:01]} Nf6 {[%emt 0:00:02]} 2. c4 {[%emt 0:00:01]} e6 {[%emt 0:00:02]} 3. Nc3 {[%emt 0:00:01]} Bb4 {[%emt 0:00:01]} 4. e3 {[%emt 0:00:01]} O-O {[%emt 0:00:01]} 5. Nge2 {[%emt 0:00:01]} d5 {[%emt 0:00:00]} 6. a3 {[%emt 0:00:01]} Be7 {[%emt 0:00:02]} 7. cxd5 {[%emt 0:00:01]} exd5 {[%emt 0:00:02]} 8. g3 {[%emt 0:00:01]} c6 {[%emt 0:00:01]} 9. Bg2 {[%emt 0:00:01]} Bf5 {[%emt 0:00:02]} 10. O-O {[%emt 0:00:04]} a5 {[%emt 0:00:02]} 11. f3 {[%emt 0:00:01]} Qb6 {[%emt 0:00:02]} 12. e4 {[%emt 0:00:04]} dxe4 {[%emt 0:00:01]} 13. fxe4 {[%emt 0:00:01]} Be6 {[%emt 0:00:08]} 14. Nf4 {[%emt 0:00:03]} Bc4 {[%emt 0:00:03]} 15. e5 {[%emt 0:00:07]} Bxf1 {[%emt 0:00:01]} 16. exf6 {[%emt 0:00:01]} Bxf6 {[%emt 0:00:01]} 17. Qxf1 {[%emt 0:00:01]} Qxd4+ {[%emt 0:00:01]} 18. Kh1 {[%emt 0:00:01]} Na6 {[%emt 0:00:03]} 19. Rb1 {[%emt 0:00:03]} Rae8 {[%emt 0:00:03]} 20. Nh5 {[%emt 0:00:03]} Bd8 {[%emt 0:00:03]} 21. Bf4 {[%emt 0:00:02]} Bb6 {[%emt 0:00:03]} 22. Rd1 {[%emt 0:00:02]} c5 {[%emt 0:00:08]} 23. Rxd4 {[%emt 0:00:01]} cxd4 {[%emt 0:00:01]} 24. Nd5 {[%emt 0:00:02]} d3 {[%emt 0:00:02]} 25. Nhf6+ {[%emt 0:00:01]} gxf6 {[%emt 0:00:00]} 26. Nxb6 {[%emt 0:00:01]} Re2 {[%emt 0:00:02]} 27. Nd5 {[%emt 0:00:01]} Rc8 {[%emt 0:00:01]} 28. Nxf6+ {[%emt 0:00:01]} Kh8 {[%emt 0:00:01]} 29. Qf3 {[%emt 0:00:02]} d2 {[%emt 0:00:01]} 30. Qxe2 {[%emt 0:00:01]} Rc2 {[%emt 0:00:01]} 31. Qe8+ {[%emt 0:00:01]} Kg7 {[%emt 0:00:01]} 32. Nh5+ {[%emt 0:00:01]} Kg6 {[%emt 0:00:01]} 33. Qe4+ {[%emt 0:00:01]} Kxh5 {[%emt 0:00:00]} 34. Bf1 {[%emt 0:00:01]} d1=Q {[%emt 0:00:01]} 35. g4+ {[%emt 0:00:01]} Kh4 {[%emt 0:00:01] '} 36. Bg3+ {[%emt 0:00:01] (Lag: Av=0.05s, max=0.1s)} 1-0

[Event "Test Tournament"]
[Site "Emanuel Lasker Arena"]
[Date "2024.04.09"]
[Round "1"]
[White "Antonella"]
[Black "Mrs Florrick"]
[Result "1-0"]
[WhiteElo "2040"]
[BlackElo "1780"]
[Annotator "RC"]
[PlyCount "45"]
[EventDate "2024.04.09"]
[EventType "swiss (blitz)"]

1. d4 {[%emt 0:00:01]} d5 {[%emt 0:00:01]} 2. c4 {[%emt 0:00:01]} e6 {[%emt 0:00:01]} 3. Nc3 {[%emt 0:00:01]} c5 {[%emt 0:00:01]} 4. cxd5 {[%emt 0:00:01]} exd5 {[%emt 0:00:01]} 5. dxc5 {[%emt 0:00:01]} d4 {[%emt 0:00:01]} 6. Na4 {[%emt 0:00:01]} b5 {[%emt 0:00:02]} 7. cxb6 {[%emt 0:00:01]} axb6 {[%emt 0:00:01]} 8. b3 {[%emt 0:00:01]} Bb4+ {[%emt 0:00:01]} 9. Bd2 {[%emt 0:00:01]} Nc6 {[%emt 0:00:04]} 10. Bxb4 {[%emt 0:00:01]} Nxb4 {[%emt 0:00:01]} 11. Qd2 {[%emt 0:00:01]} Qd6 {[%emt 0:00:04]} 12. Rc1 {[%emt 0:00:04]} Bf5 {[%emt 0:00:04]} 13. g3 {[%emt 0:00:04]} Ne7 {[%emt 0:00:03]} 14. Nf3 {[%emt 0:00:03]} O-O {[%emt 0:00:07]} 15. Qxd4 {[%emt 0:00:02]} Ned5 {[%emt 0:00:03]} 16. e4 {[%emt 0:00:01]} Nxa2 {[%emt 0:00:01]} 17. Rc2 {[%emt 0:00:03]} Rfe8 {[%emt 0:00:19]} 18. Ng5 {[%emt 0:00:03]} Qa3 {[%emt 0:00:01]} 19. Qxd5 {[%emt 0:00:01]} Be6 {[%emt 0:00:02]} 20. Nxe6 {[%emt 0:00:02]} fxe6 {[%emt 0:00:01]} 21. Qb5 {[%emt 0:00:03]} Nb4 {[%emt 0:00:01]} 22. Rc7 {[%emt 0:00:02]} Qxb3 {[%emt 0:00:01]} 23. Qe5 {[%emt 0:00:02] (Lag: Av=0.05s, max=0.1s)} 1-0

[Event "Test Tournament"]
[Site "Emanuel Lasker Arena"]
[Date "2024.04.09"]
[Round "1"]
[White "Antonella"]
[Black "Schachmatz"]
[Result "1-0"]
[WhiteElo "2040"]
[BlackElo "1620"]
[Annotator "NA RC"]
[PlyCount "85"]
[EventDate "2024.04.09"]
[EventType "swiss (blitz)"]

1. d4 {[%emt 0:00:01]} d5 {[%emt 0:00:01]} 2. c4 {[%emt 0:00:01]} e6 {[%emt 0:00:02]} 3. Nc3 {[%emt 0:00:01]} c5 {[%emt 0:00:01]} 4. Nf3 {[%emt 0:00:01]} Nf6 {[%emt 0:00:01]} 5. cxd5 {[%emt 0:00:01]} cxd4 {[%emt 0:00:01]} 6. Qxd4 {[%emt 0:00:01]} Nxd5 {[%emt 0:00:01]} 7. Nxd5 {[%emt 0:00:01]} Qxd5 {[%emt 0:00:01]} 8. Qxd5 {[%emt 0:00:01]} exd5 {[%emt 0:00:01]} 9. g3 {[%emt 0:00:01]} Bb4+ {[%emt 0:00:03]} 10. Bd2 {[%emt 0:00:01]} Bxd2+ {[%emt 0:00:01]} 11. Kxd2 {[%emt 0:00:01]} Bf5 {[%emt 0:00:04]} 12. Nd4 {[%emt 0:00:05]} Be4 {[%emt 0:00:03]} 13. f3 {[%emt 0:00:04]} f5 {[%emt 0:00:08]} 14. fxe4 {[%emt 0:00:01]} dxe4 {[%emt 0:00:01]} 15. Rc1 {[%emt 0:00:01]} e3+ {[%emt 0:00:03]} 16. Kxe3 {[%emt 0:00:03]} Nd7 {[%emt 0:00:03]} 17. Rc7 {[%emt 0:00:03]} g5 {[%emt 0:00:02]} 18. Rxb7 {[%emt 0:00:01]} O-O-O {[%emt 0:00:02]} 19. Bg2 {[%emt 0:00:00]} Nc5 {[%emt 0:00:02]} 20. Rc1 {[%emt 0:00:03]} f4+ {[%emt 0:00:02]} 21. Kf2 {[%emt 0:00:02]} Rxd4 {[%emt 0:00:01]} 22. Rxc5+ {[%emt 0:00:01]} Kd8 {[%emt 0:00:01]} 23. Rb8+ {[%emt 0:00:02]} Kd7 {[%emt 0:00:01]} 24. Rg8 {[%emt 0:00:01]} Rxg8 {[%emt 0:00:01]} 25. Bd5 {[%emt 0:00:02]} Re8 {[%emt 0:00:01]} 26. Bf3 {[%emt 0:00:02]} Kd6 {[%emt 0:00:01]} 27. Ra5 {[%emt 0:00:01]} Rb4 {[%emt 0:00:01]} 28. Ra6+ {[%emt 0:00:02]} Ke5 {[%emt 0:00:01]} 29. Rxa7 {[%emt 0:00:01]} Rxb2 {[%emt 0:00:01]} 30. gxf4+ {[%emt 0:00:01]} Kxf4 {[%emt 0:00:00]} 31. Rxh7 {[%emt 0:00:01]} g4 {[%emt 0:00:01]} 32. Rf7+ {[%emt 0:00:01]} Kg5 {[%emt 0:00:01]} 33. Rg7+ {[%emt 0:00:01]} Kf4 {[%emt 0:00:01]} 34. Rxg4+ {[%emt 0:00:01]} Kf5 {[%emt 0:00:01]} 35. a4 {[%emt 0:00:01]} Rb1 {[%emt 0:00:01]} 36. Rg7 {[%emt 0:00:01]} Kf4 {[%emt 0:00:01]} 37. a5 {[%emt 0:00:01]} Ra1 {[%emt 0:00:01]} 38. Rf7+ {[%emt 0:00:01]} Kg5 {[%emt 0:00:01]} 39. Bc6 {[%emt 0:00:01]} Re6 {[%emt 0:00:01]} 40. Bd5 {[%emt 0:00:01]} Re5 {[%emt 0:00:01]} 41. Rg7+ {[%emt 0:00:01]} Kf4 {[%emt 0:00:01]} 42. e3+ {[%emt 0:00:01]} Kf5 {[%emt 0:00:00] '} 43. e4+ {[%emt 0:00:00] (Lag: Av=0.07s, max=0.5s)} 1-0

[Event "Test Tournament"]
[Site "Emanuel Lasker Arena"]
[Date "2024.04.09"]
[Round "1"]
[White "Antonella"]
[Black "Dominatrix"]
[Result "1-0"]
[WhiteElo "2040"]
[BlackElo "1733"]
[Annotator "RC"]
[PlyCount "63"]
[EventDate "2024.04.09"]
[EventType "swiss (blitz)"]

1. d4 {[%emt 0:00:01]} f5 {[%emt 0:00:01]} 2. g3 {[%emt 0:00:01]} Nf6 {[%emt 0:00:01]} 3. Bg2 {[%emt 0:00:01]} g6 {[%emt 0:00:01]} 4. Nf3 {[%emt 0:00:01]} Bg7 {[%emt 0:00:02]} 5. O-O {[%emt 0:00:01]} O-O {[%emt 0:00:01]} 6. b3 {[%emt 0:00:01]} d6 {[%emt 0:00:02]} 7. Bb2 {[%emt 0:00:01]} Ne4 {[%emt 0:00:01]} 8. Nbd2 {[%emt 0:00:01]} Nc6 {[%emt 0:00:02]} 9. Nxe4 {[%emt 0:00:01]} fxe4 {[%emt 0:00:01]} 10. Ng5 {[%emt 0:00:04]} e5 {[%emt 0:00:14]} 11. Nxe4 {[%emt 0:00:01]} Nxd4 {[%emt 0:00:01]} 12. Qd3 {[%emt 0:00:04]} d5 {[%emt 0:00:03]} 13. Bxd4 {[%emt 0:00:03]} exd4 {[%emt 0:00:01]} 14. Nc5 {[%emt 0:00:03]} Qd6 {[%emt 0:00:03]} 15. Qb5 {[%emt 0:00:03]} h5 {[%emt 0:00:02]} 16. a4 {[%emt 0:00:01]} h4 {[%emt 0:00:02]} 17. a5 {[%emt 0:00:01]} g5 {[%emt 0:00:02]} 18. b4 {[%emt 0:00:01]} Bg4 {[%emt 0:00:02]} 19. Qxb7 {[%emt 0:00:01]} Rad8 {[%emt 0:00:02]} 20. Qxa7 {[%emt 0:00:01]} Bxe2 {[%emt 0:00:01]} 21. Qb7 {[%emt 0:00:02]} g4 {[%emt 0:00:01]} 22. Rfe1 {[%emt 0:00:02]} d3 {[%emt 0:00:01]} 23. cxd3 {[%emt 0:00:01]} Bxa1 {[%emt 0:00:01]} 24. Rxe2 {[%emt 0:00:01]} Rf6 {[%emt 0:00:01]} 25. gxh4 {[%emt 0:00:02]} Bd4 {[%emt 0:00:01]} 26. a6 {[%emt 0:00:02]} Bxc5 {[%emt 0:00:00]} 27. bxc5 {[%emt 0:00:01]} Qxa6 {[%emt 0:00:01]} 28. Bxd5+ {[%emt 0:00:01]} Kf8 {[%emt 0:00:01]} 29. Qb3 {[%emt 0:00:02]} c6 {[%emt 0:00:02]} 30. Ra2 {[%emt 0:00:01]} Qc8 {[%emt 0:00:01]} 31. Qc3 {[%emt 0:00:01]} Qf5 {[%emt 0:00:01]} 32. Be4 {[%emt 0:00:02] Time ' (Lag: Av=0.07s, max=0.5s)} 1-0

[Event "Test Tournament"]
[Site "Emanuel Lasker Arena"]
[Date "2024.04.09"]
[Round "1"]
[White "Antonella"]
[Black "Melancholia"]
[Result "*"]
[WhiteElo "2040"]
[BlackElo "1620"]
[PlyCount "64"]
[EventDate "2024.04.09"]
[EventType "swiss (blitz)"]

{Melancholia resigns Antonella resigns} 1. d4 {[%emt 0:00:01]} d5 {[%emt 0:00:01]} 2. c4 {[%emt 0:00:01]} e6 {[%emt 0:00:01]} 3. Nc3 {[%emt 0:00:01]} c5 {[%emt 0:00:01]} 4. cxd5 {[%emt 0:00:01]} exd5 {[%emt 0:00:00]} 5. e4 {[%emt 0:00:01]} dxe4 {[%emt 0:00:00]} 6. d5 {[%emt 0:00:01]} Nf6 {[%emt 0:00:01]} 7. Bf4 {[%emt 0:00:01]} Bd6 {[%emt 0:00:01]} 8. Bb5+ {[%emt 0:00:04]} Kf8 {[%emt 0:00:02]} 9. Bg5 {[%emt 0:00:03]} Qa5 {[%emt 0:00:04]} 10. a4 {[%emt 0:00:04]} Bf5 {[%emt 0:00:04]} 11. Nge2 {[%emt 0:00:03]} e3 {[%emt 0:00:04]} 12. O-O {[%emt 0:00:03]} Ng4 {[%emt 0:00:04]} 13. f3 {[%emt 0:00:03]} Bxh2+ {[%emt 0:00:01]} 14. Kh1 {[%emt 0:00:01]} Nc6 {[%emt 0:00:03]} 15. dxc6 {[%emt 0:00:01]} bxc6 {[%emt 0:00:01]} 16. fxg4 {[%emt 0:00:01]} cxb5 {[%emt 0:00:02]} 17. Kxh2 {[%emt 0:00:01]} h6 {[%emt 0:00:03]} 18. Qd6+ {[%emt 0:00:02]} Kg8 {[%emt 0:00:01]} 19. Bxe3 {[%emt 0:00:02]} Rf8 {[%emt 0:00:03]} 20. axb5 {[%emt 0:00:02]} Rd8 {[%emt 0:00:03]} 21. Rxa5 {[%emt 0:00:01]} Rxd6 {[%emt 0:00:01]} 22. gxf5 {[%emt 0:00:02]} Kh7 {[%emt 0:00:02]} 23. Rfa1 {[%emt 0:00:01]} Re8 {[%emt 0:00:01]} 24. Bxc5 {[%emt 0:00:01]} Rd1 {[%emt 0:00:02]} 25. Rxd1 {[%emt 0:00:02]} Re5 {[%emt 0:00:01]} 26. b4 {[%emt 0:00:01]} Rxf5 {[%emt 0:00:01]} 27. Rxa7 {[%emt 0:00:01]} Rh5+ {[%emt 0:00:01]} 28. Kg1 {[%emt 0:00:01]} Rg5 {[%emt 0:00:01]} 29. b6 {[%emt 0:00:01]} Re5 {[%emt 0:00:01]} 30. b7 {[%emt 0:00:01]} Re8 {[%emt 0:00:01]} 31. b5 {[%emt 0:00:01]} Rb8 {[%emt 0:00:01]} 32. Rd6 {[%emt 0:00:01]} g5 {[%emt 0:00:01]} *

[Event "Test Tournament"]
[Site "Emanuel Lasker Arena"]
[Date "2024.04.09"]
[Round "1"]
[White "Antonella"]
[Black "Mrs Florrick"]
[Result "1/2-1/2"]
[WhiteElo "2040"]
[BlackElo "1780"]
[Annotator "RC"]
[PlyCount "104"]
[EventDate "2024.04.09"]
[EventType "swiss (blitz)"]

1. d4 {[%emt 0:00:01]} Nf6 {[%emt 0:00:01]} 2. c4 {[%emt 0:00:01]} g6 {[%emt 0:00:01]} 3. Nc3 {[%emt 0:00:01]} d5 {[%emt 0:00:00]} 4. cxd5 {[%emt 0:00:01]} Nxd5 {[%emt 0:00:01]} 5. e4 {[%emt 0:00:01]} Nxc3 {[%emt 0:00:01]} 6. bxc3 {[%emt 0:00:01]} Bg7 {[%emt 0:00:01]} 7. Bc4 {[%emt 0:00:01]} c5 {[%emt 0:00:01]} 8. Ne2 {[%emt 0:00:01]} Nc6 {[%emt 0:00:01]} 9. Be3 {[%emt 0:00:01]} O-O {[%emt 0:00:01]} 10. O-O {[%emt 0:00:01]} b6 {[%emt 0:00:01]} 11. Rc1 {[%emt 0:00:01]} Bb7 {[%emt 0:00:01]} 12. Bb5 {[%emt 0:00:01]} Qd6 {[%emt 0:00:01]} 13. d5 {[%emt 0:00:01]} Bxc3 {[%emt 0:00:09]} 14. dxc6 {[%emt 0:00:01]} Qxd1 {[%emt 0:00:02]} 15. Rfxd1 {[%emt 0:00:01]} Bb2 {[%emt 0:00:04]} 16. cxb7 {[%emt 0:00:00]} Bxc1 {[%emt 0:00:01]} 17. Nxc1 {[%emt 0:00:01]} Rad8 {[%emt 0:00:03]} 18. Nd3 {[%emt 0:00:04]} Rb8 {[%emt 0:00:03]} 19. Ne5 {[%emt 0:00:03]} Rxb7 {[%emt 0:00:01]} 20. h4 {[%emt 0:00:03]} f6 {[%emt 0:00:03]} 21. Nd7 {[%emt 0:00:01]} Rc8 {[%emt 0:00:02]} 22. Ba6 {[%emt 0:00:03]} e5 {[%emt 0:00:03]} 23. Bxb7 {[%emt 0:00:01]} Rc7 {[%emt 0:00:02]} 24. Bd5+ {[%emt 0:00:02]} Kh8 {[%emt 0:00:01]} 25. Nxf6 {[%emt 0:00:02]} c4 {[%emt 0:00:03]} 26. Nxh7 {[%emt 0:00:01]} Kxh7 {[%emt 0:00:01]} 27. h5 {[%emt 0:00:02]} gxh5 {[%emt 0:00:01]} 28. Be6 {[%emt 0:00:02]} c3 {[%emt 0:00:01]} 29. Bf5+ {[%emt 0:00:01]} Kg8 {[%emt 0:00:01]} 30. Be6+ {[%emt 0:00:02]} Kf8 {[%emt 0:00:01]} 31. Bh6+ {[%emt 0:00:01]} Ke8 {[%emt 0:00:01]} 32. Bg5 {[%emt 0:00:01]} Kf8 {[%emt 0:00:01]} 33. Bf6 {[%emt 0:00:01]} Re7 {[%emt 0:00:01]} 34. Rd8+ {[%emt 0:00:05]} Re8 {[%emt 0:00:01]} 35. Rxe8+ {[%emt 0:00:00]} Kxe8 {[%emt 0:00:01]} 36. Bb3 {[%emt 0:00:01]} b5 {[%emt 0:00:01]} 37. Bxe5 {[%emt 0:00:01]} c2 {[%emt 0:00:00]} 38. Bxc2 {[%emt 0:00:01]} b4 {[%emt 0:00:00]} 39. Bb3 {[%emt 0:00:01]} Ke7 {[%emt 0:00:00]} 40. Kh2 {[%emt 0:00:01]} Kf8 {[%emt 0:00:00]} 41. Be6 {[%emt 0:00:01]} a6 {[%emt 0:00:00]} 42. Bb3 {[%emt 0:00:01]} h4 {[%emt 0:00:00]} 43. Bh8 {[%emt 0:00:01]} a5 {[%emt 0:00:01]} 44. Kh3 {[%emt 0:00:01]} a4 {[%emt 0:00:00]} 45. Bxa4 {[%emt 0:00:01]} Kf7 {[%emt 0:00:00]} 46. Kxh4 {[%emt 0:00:01]} Kf8 {[%emt 0:00:00]} 47. Kh5 {[%emt 0:00:00]} Kg8 {[%emt 0:00:00]} 48. Bf6 {[%emt 0:00:00]} Kf7 {[%emt 0:00:00]} 49. Be5 {[%emt 0:00:01]} Kg8 {[%emt 0:00:00]} 50. Kg6 {[%emt 0:00:01]} b3 {[%emt 0:00:00]} 51. Bxb3+ {[%emt 0:00:01]} Kf8 {[%emt 0:00:00]} 52. a4 {[%emt 0:00:01] .} Ke8 {[%emt 0:00:00]} 1/2-1/2

[Event "Test Tournament"]
[Site "Emanuel Lasker Arena"]
[Date "2024.04.09"]
[Round "1"]
[White "ArrowPlay"]
[Black "Melancholia"]
[Result "0-1"]
[WhiteElo "2027"]
[BlackElo "1620"]
[Annotator "RC"]
[PlyCount "30"]
[EventDate "2024.04.09"]
[EventType "swiss (blitz)"]

1. c4 {[%emt 0:00:01]} e6 {[%emt 0:00:01]} 2. Nf3 {[%emt 0:00:01]} d5 {[%emt 0:00:01]} 3. g3 {[%emt 0:00:01]} Nf6 {[%emt 0:00:01]} 4. Bg2 {[%emt 0:00:01]} Be7 {[%emt 0:00:01]} 5. O-O {[%emt 0:00:01]} O-O {[%emt 0:00:02]} 6. d4 {[%emt 0:00:01]} dxc4 {[%emt 0:00:01]} 7. Qc2 {[%emt 0:00:01]} a6 {[%emt 0:00:01]} 8. a4 {[%emt 0:00:01]} Bd7 {[%emt 0:00:01]} 9. Qxc4 {[%emt 0:00:02]} Bc6 {[%emt 0:00:01]} 10. Bf4 {[%emt 0:00:01]} Bd6 {[%emt 0:00:01]} 11. Qc1 {[%emt 0:00:01]} Nbd7 {[%emt 0:00:01]} 12. Nc3 {[%emt 0:00:01]} Qe7 {[%emt 0:00:04]} 13. a5 {[%emt 0:00:01]} h6 {[%emt 0:00:04]} 14. Rd1 {[%emt 0:00:01]} Bb4 {[%emt 0:00:03]} 15. Bxc7 {[%emt 0:00:01]} Nc5 {[%emt 0:00:01] Melancholia resigns ArrowPlay resigns (Lag: Av=0.06s, max=0.1s)} 0-1

[Event "Test Tournament"]
[Site "Emanuel Lasker Arena"]
[Date "2024.04.09"]
[Round "1"]
[White "ArrowPlay"]
[Black "LiliBeth"]
[Result "1-0"]
[WhiteElo "2027"]
[BlackElo "1853"]
[Annotator "RC"]
[PlyCount "63"]
[EventDate "2024.04.09"]
[EventType "swiss (blitz)"]

1. d4 {[%emt 0:00:01]} Nf6 {[%emt 0:00:01]} 2. c4 {[%emt 0:00:01]} c5 {[%emt 0:00:01]} 3. d5 {[%emt 0:00:01]} b5 {[%emt 0:00:01]} 4. cxb5 {[%emt 0:00:01]} a6 {[%emt 0:00:01]} 5. bxa6 {[%emt 0:00:01]} Bxa6 {[%emt 0:00:01]} 6. Nc3 {[%emt 0:00:01]} d6 {[%emt 0:00:01]} 7. Nf3 {[%emt 0:00:01]} g6 {[%emt 0:00:01]} 8. g3 {[%emt 0:00:01]} Bg7 {[%emt 0:00:01]} 9. Bg2 {[%emt 0:00:01]} O-O {[%emt 0:00:01]} 10. O-O {[%emt 0:00:01]} Ng4 {[%emt 0:00:01]} 11. h3 {[%emt 0:00:01]} Nc6 {[%emt 0:00:07]} 12. dxc6 {[%emt 0:00:01]} Nf6 {[%emt 0:00:03]} 13. Re1 {[%emt 0:00:04]} Qb6 {[%emt 0:00:03]} 14. e4 {[%emt 0:00:04]} Qxc6 {[%emt 0:00:01]} 15. e5 {[%emt 0:00:03]} Bc4 {[%emt 0:00:08]} 16. exf6 {[%emt 0:00:01]} Bxf6 {[%emt 0:00:01]} 17. Bh6 {[%emt 0:00:03]} Bxc3 {[%emt 0:00:02]} 18. bxc3 {[%emt 0:00:01]} Rfd8 {[%emt 0:00:02]} 19. Rxe7 {[%emt 0:00:03]} d5 {[%emt 0:00:02]} 20. Ne5 {[%emt 0:00:02]} Qf6 {[%emt 0:00:02]} 21. Nxc4 {[%emt 0:00:02]} Qxe7 {[%emt 0:00:01]} 22. Ne3 {[%emt 0:00:02]} f5 {[%emt 0:00:05]} 23. Nxd5 {[%emt 0:00:02]} Qe5 {[%emt 0:00:01]} 24. a4 {[%emt 0:00:02]} Kh8 {[%emt 0:00:01]} 25. a5 {[%emt 0:00:02]} Ra6 {[%emt 0:00:01]} 26. Qd2 {[%emt 0:00:02]} Re8 {[%emt 0:00:01]} 27. Be3 {[%emt 0:00:01]} Rc8 {[%emt 0:00:01]} 28. Bf4 {[%emt 0:00:01]} g5 {[%emt 0:00:05]} 29. Bxe5+ {[%emt 0:00:01]} Kg8 {[%emt 0:00:00]} 30. Qxg5+ {[%emt 0:00:01]} Rg6 {[%emt 0:00:00]} 31. Qxf5 {[%emt 0:00:01]} Re8 {[%emt 0:00:01] '} 32. Ne7+ {[%emt 0:00:01] (Lag: Av=0.10s, max=1.0s)} 1-0

[Event "Test Tournament"]
[Site "Emanuel Lasker Arena"]
[Date "2024.04.09"]
[Round "1"]
[White "ArrowPlay"]
[Black "Klaus Junge"]
[Result "0-1"]
[WhiteElo "2027"]
[BlackElo "1620"]
[Annotator "RC"]
[PlyCount "74"]
[EventDate "2024.04.09"]
[EventType "swiss (blitz)"]

1. d4 {[%emt 0:00:01]} f5 {[%emt 0:00:01]} 2. g3 {[%emt 0:00:01]} Nf6 {[%emt 0:00:01]} 3. Bg2 {[%emt 0:00:01]} g6 {[%emt 0:00:01]} 4. Nf3 {[%emt 0:00:01]} Bg7 {[%emt 0:00:01]} 5. O-O {[%emt 0:00:01]} O-O {[%emt 0:00:01]} 6. c4 {[%emt 0:00:01]} d6 {[%emt 0:00:01]} 7. Nc3 {[%emt 0:00:01]} Qe8 {[%emt 0:00:05]} 8. d5 {[%emt 0:00:01]} e5 {[%emt 0:00:01]} 9. dxe6 {[%emt 0:00:00]} Bxe6 {[%emt 0:00:01]} 10. Ng5 {[%emt 0:00:02]} Nbd7 {[%emt 0:00:00]} 11. Nb5 {[%emt 0:00:01]} Rc8 {[%emt 0:00:01]} 12. Nxe6 {[%emt 0:00:01]} Qxe6 {[%emt 0:00:01]} 13. Bxb7 {[%emt 0:00:02]} Rb8 {[%emt 0:00:04]} 14. Nxc7 {[%emt 0:00:01]} Qxc4 {[%emt 0:00:01]} 15. Bd5+ {[%emt 0:00:09]} Nxd5 {[%emt 0:00:01]} 16. Nxd5 {[%emt 0:00:01]} Bd4 {[%emt 0:00:03]} 17. Ne7+ {[%emt 0:00:03]} Kf7 {[%emt 0:00:01]} 18. Bg5 {[%emt 0:00:04]} Bxb2 {[%emt 0:00:01]} 19. Qxd6 {[%emt 0:00:02]} Nf6 {[%emt 0:00:01]} 20. Nc6 {[%emt 0:00:03]} Rbc8 {[%emt 0:00:03]} 21. Nxa7 {[%emt 0:00:01]} Rcd8 {[%emt 0:00:03]} 22. Nc8 {[%emt 0:00:04]} Rxc8 {[%emt 0:00:01]} 23. Rab1 {[%emt 0:00:02]} Rfd8 {[%emt 0:00:03]} 24. Qb6 {[%emt 0:00:02]} Bd4 {[%emt 0:00:02]} 25. Qa5 {[%emt 0:00:02]} Qxe2 {[%emt 0:00:01]} 26. a4 {[%emt 0:00:02]} h5 {[%emt 0:00:02]} 27. Rb7+ {[%emt 0:00:01]} Kg8 {[%emt 0:00:02]} 28. h4 {[%emt 0:00:02]} Rd5 {[%emt 0:00:02]} 29. Qb4 {[%emt 0:00:01]} Ne4 {[%emt 0:00:02]} 30. Kg2 {[%emt 0:00:01]} Rc3 {[%emt 0:00:01]} 31. Qf8+ {[%emt 0:00:01]} Kxf8 {[%emt 0:00:01]} 32. Rb8+ {[%emt 0:00:01]} Kf7 {[%emt 0:00:01]} 33. Rb7+ {[%emt 0:00:01]} Ke6 {[%emt 0:00:01]} 34. Rb2 {[%emt 0:00:00]} Rxg3+ {[%emt 0:00:01]} 35. Kh2 {[%emt 0:00:00]} Qxf1 {[%emt 0:00:00]} 36. fxg3 {[%emt 0:00:00]} Qg1+ {[%emt 0:00:01]} 37. Kh3 {[%emt 0:00:00]} Qxg3# {[%emt 0:00:00] (Lag: Av=0.07s, max=0.5s)} 0-1